[Event "21st Dubai Open 2019"]
[Site "Dubai"]
[Date "2019.04.06"]
[Round "6.5"]
[White "Ghaem Maghami, Ehsan"]
[Black "Iturrizaga Bonelli, Eduardo"]
[Result "0-1"]
[WhiteElo "2531"]
[BlackElo "2633"]
[Annotator "TA"]
[PlyCount "70"]
[EventDate "2019.04.01"]
[EventType "swiss"]
[EventCountry "UAE"]
[SourceTitle "playchess.com"]
[Source "ChessBase"]
[SourceQuality "1"]

{[%evp 18,70,21,9,29,32,26,23,35,-10,-11,-17,31,11,31,-14,0,-38,8,0,0,0,1,8,6,-68,-52,-43,-27,-204,-207,-196,-204,-199,-191,-190,-195,-192,-205,-212,-200,-393,-379,-361,-370,-543,-541,-578,-572,-557,-570,-552,-554,-551,-549]} 1. d4 Nf6 2. Nf3 b6 3. c4 Bb7 4. Nc3 e6 5. Bg5 Bb4 6. Nd2 h6 7. Bh4 Nc6 {E13: Queen's Indian/Nimzo-Indian hybrid: 4 Nc3 Bb7 5 Bg5 h6 6 Bh4 Bb4} (7... Qe7 8. Qc2 c5 9. a3 Bxc3 10. Qxc3 cxd4 11. Qxd4 Nc6 12. Qc3 Rc8 13. e3 O-O 14. Rd1 d5 15. Bxf6 gxf6 16. cxd5 {0-1 (31) Jobava,B (2701)-Carlsen,M (2838) chess.com INT 2017}) 8. a3 Bxc3 9. bxc3 Ne7 10. f3 {LiveBook: 5 Games} Ng6 11. Bf2 O-O 12. e4 $146 ({Predecessor:} 12. e3 c5 13. Bd3 Nh5 14. dxc5 bxc5 15. Bxg6 fxg6 {1-0 (33) Greenfeld,A (2571)-Farago,I (2448) Deizisau 2011}) 12... Nh7 13. g3 f5 14. Bg2 Qf6 15. O-O f4 16. g4 Nh4 17. Bh1 h5 (17... d6 {seems wilder.} 18. Qe1 g5 19. a4 a5 20. Qb1 Rfb8) 18. Qe1 Ng6 19. h4 hxg4 20. fxg4 {e5 is the strong threat.} e5 $1 21. d5 (21. Kh2 $1 $11) 21... d6 22. Bf3 Ne7 23. g5 $2 {[#]} (23. Kg2 $11 {and White stays safe.}) 23... Nxg5 $1 $19 {[%mdl 512]} 24. hxg5 Qxg5+ 25. Bg2 {And now Bh4 would win.} f3 $1 26. Nxf3 Rxf3 27. Bh4 Rxf1+ 28. Kxf1 Qf4+ 29. Kg1 $2 (29. Qf2 Ng6 30. Qxf4 Nxf4 31. Kf2) 29... Ng6 30. Bg3 Qg5 31. c5 (31. Ra2 {was called for.}) 31... bxc5 {Black is clearly winning.} 32. Rb1 Ba6 33. Rb2 Rf8 34. Rf2 Nf4 35. Bxf4 exf4 {Precision: White = 39%, Black = 57%.} 0-1

[Event "21st Dubai Open 2019"]
[Site "Dubai"]
[Date "2019.04.06"]
[Round "6.6"]
[White "Adly, Ahmed"]
[Black "Iniyan, P."]
[Result "1/2-1/2"]
[WhiteElo "2620"]
[BlackElo "2512"]
[Annotator "TA"]
[PlyCount "52"]
[EventDate "2019.04.01"]
[EventType "swiss"]
[EventCountry "UAE"]
[SourceTitle "playchess.com"]
[Source "ChessBase"]
[SourceQuality "1"]

{[%evp 19,52,35,41,31,30,22,26,37,34,35,40,27,21,20,31,21,29,10,11,0,0,0,0,0,0,0,0,0,10,0,14,0,0,0,0]} 1. d4 Nf6 2. c4 g6 3. g3 Bg7 4. Bg2 d6 5. Nf3 O-O 6. O-O Nc6 7. Nc3 Bg4 8. d5 Na5 9. b3 c5 10. Bb2 a6 11. Nd2 {E62: King's Indian: Fianchetto: 6...c6 and Panno Variation (6...Nc6) without ...a6} Rb8 (11... Bd7 12. Qc2 b5 13. Rae1 bxc4 14. bxc4 Rb8 15. Nd1 {1-0 (52) Jobava,B (2627)-Mamedov,R (2703) St Petersburg 2018}) 12. h3 Bf5 $146 ({Predecessor:} 12... Bd7 13. Qc2 b5 14. Rab1 Qc7 15. Ba1 bxc4 16. bxc4 Rxb1 17. Rxb1 Rb8 18. Nd1 Rxb1 19. Qxb1 Ne8 20. Bxg7 Nxg7 21. e3 Qb7 22. Qxb7 Nxb7 23. Nb2 Na5 24. f4 {½-½ (52) Maric,A (2405)-Szczepkowska,K (2321) Ohrid 2009}) 13. e4 {White has an edge.} Bd7 14. Qc2 b5 15. Rab1 e5 16. Ne2 Nh5 17. g4 Nf6 18. f4 exf4 {The position is equal.} 19. Rxf4 bxc4 20. Rbf1 {[%cal Rb2f6]} cxb3 21. axb3 {[%cal Rb2f6]} Ne8 $1 22. Bxg7 Nxg7 23. R1f2 Bb5 24. Nc3 Bd7 25. Ne2 Bb5 26. Nc3 Bd7 {Accuracy: White = 73%, Black = 59%.} 1/2-1/2

[Event "21st Dubai Open 2019"]
[Site "Dubai"]
[Date "2019.04.06"]
[Round "6.7"]
[White "Tabatabaei, M.amin"]
[Black "Nguyen, Anh Khoi"]
[Result "1-0"]
[WhiteElo "2612"]
[BlackElo "2481"]
[Annotator "TA"]
[PlyCount "65"]
[EventDate "2019.04.01"]
[EventType "swiss"]
[EventCountry "UAE"]
[SourceTitle "playchess.com"]
[Source "ChessBase"]
[SourceQuality "1"]

{[%evp 24,65,20,8,32,12,18,0,33,5,11,0,0,0,8,12,12,12,24,29,16,12,16,1,94,108,240,216,230,239,324,322,345,377,372,356,699,696,691,689,2060,1908,29979,29980]} 1. e4 c5 2. Nf3 d6 3. Bb5+ Bd7 4. Bxd7+ Qxd7 5. c4 Nf6 6. Nc3 g6 7. d4 cxd4 8. Nxd4 Bg7 9. f3 O-O 10. Be3 Nc6 11. Rc1 {B52: Sicilian: Moscow Variation with 3...Bd7} (11. O-O a6 12. Na4 Rab8 13. Nxc6 Qxc6 14. Nb6 Nd7 15. Nxd7 Qxd7 16. Rf2 b5 17. c5 Qa7 18. Rc1 dxc5 19. Bxc5 Qc7 {1-0 (50) Caruana,F (2807)-Kasparov,G (2812) Saint Louis 2017}) 11... a6 12. Nxc6 bxc6 13. O-O {LiveBook: 3 Games. The position is equal.} Qb7 {[#]} 14. Na4 $146 {[%cal Bc3a4,Ba4b6,Bb6c4,Bc4a5,Ba5c6,Bc6e7][%mdl 32]} ({Predecessor:} 14. Rf2 Nd7 15. b3 {½-½ (15) Iordachescu,V (2583)-Areshchenko,A (2672) Mamaia 2015}) 14... Nd7 15. b3 f5 16. c5 fxe4 17. fxe4 Rxf1+ 18. Qxf1 Ne5 19. Nb6 Rd8 20. Kh1 a5 21. h3 Qb8 22. cxd6 Qxd6 23. Nc4 $36 {[%mdl 2048] White fights for an advantage.} Qe6 (23... Qd3 $11 24. Bb6 Qxf1+ 25. Rxf1 Ra8) 24. Nxa5 $16 Nd3 (24... Ra8 $16 {might work better.}) 25. Nxc6 $18 Rd6 26. Rd1 {[%cal Bc1d1,Bd1d2,Bd2e2][%mdl 32]} Qxe4 {[#]} 27. Nxe7+ $1 {[%mdl 512]} Kh8 (27... Qxe7 28. Rxd3) 28. Bg1 ({And not} 28. Qf7 Rd8 $17) 28... h5 29. a4 {[%cal Ba2a4,Ba4a5][%mdl 32]} ({Avoid the trap} 29. Qf7 $2 Nf2+ 30. Qxf2 Rxd1 $19) 29... Rd7 $2 (29... Qxe7 30. Rxd3 Rf6) 30. a5 g5 31. Rd2 g4 {intending ...gxh3.} 32. Re2 Qh7 33. Qf7 {Accuracy: White = 56%, Black = 32%.} 1-0

[Event "21st Dubai Open 2019"]
[Site "Dubai"]
[Date "2019.04.06"]
[Round "6.8"]
[White "Sanal, Vahap"]
[Black "Abdusattorov, Nodirbek"]
[Result "1/2-1/2"]
[WhiteElo "2513"]
[BlackElo "2578"]
[Annotator "TA"]
[PlyCount "217"]
[EventDate "2019.04.01"]
[EventType "swiss"]
[EventCountry "UAE"]
[SourceTitle "playchess.com"]
[Source "ChessBase"]
[SourceQuality "1"]

{[%evp 14,217,-29,-29,-29,-22,0,0,0,-20,0,-28,2,-43,-68,-55,-30,-34,-39,-17,2,2,2,-5,-9,-10,0,-4,-8,-8,8,6,15,11,15,14,12,17,15,0,0,0,3,0,6,0,2,0,0,0,0,0,0,0,0,0,0,-17,0,0,0,0,0,0,0,0,0,0,56,0,0,0,52,22,44,19,149,14,124,112,131,133,249,246,214,204,220,110,106,110,117,117,117,117,117,35,35,35,35,35,35,35,35,0,35,35,35,35,35,0,35,35,35,0,0,0,0,0,0,0,35,35,35,35,35,35,35,0,0,0,35,35,35,35,35,35,35,0,35,0,0,0,0,0,0,0,35,0,35,35,35,35,35,35,35,35,35,35,35,0,35,0,0,0,0,0,0,0,0,0,0,0,0,0,0,0,35,0,0,0,0,0,0,0,0,0,0,0,0,0,0,6,22,0,0,0,0,0,0,0,0,0,0,0,0,0]} 1. e4 c5 2. Nf3 d6 3. Bb5+ Bd7 4. Bxd7+ Qxd7 5. O-O Nf6 6. Qe2 Nc6 7. b3 g6 8. Bb2 Bg7 {B52: Sicilian: Moscow Variation with 3...Bd7} 9. d4 (9. c4 Nh5 10. Bxg7 Nxg7 11. Nc3 O-O 12. Qe3 e5 13. d3 f5 14. Nd5 f4 15. Qd2 Ne6 16. b4 {½-½ (71) Anand,V (2759)-Grischuk,A (2766) Leuven 2018}) 9... cxd4 10. Nxd4 Nh5 11. c3 $146 ({Predecessor:} 11. Rd1 Nf4 12. Qf3 Ne6 13. c3 Nexd4 14. cxd4 O-O 15. Na3 Rac8 16. Nc4 {½-½ (92) Timman,J (2620)-Lutz,C (2595) Dortmund 1994}) 11... O-O 12. Nd2 Rac8 13. Qe3 (13. Nf5 $5) 13... Nxd4 14. cxd4 Rc2 15. Nc4 Rc8 16. Rab1 Qg4 17. h3 Qe2 $1 18. Rfe1 (18. g4 {is interesting.} Nf6 19. Rfe1 Qxe3 20. Nxe3 Rd2 21. e5) 18... Qxe3 19. Nxe3 Rd2 20. Red1 Rxd1+ 21. Rxd1 Nf4 22. Kf1 Kf8 23. h4 Ne6 24. g3 h5 25. Ke2 Ke8 26. f4 Nc7 27. f5 Bh6 28. Rf1 Nb5 29. Nc4 Nc7 30. d5 Na6 31. Bd4 b5 32. Ne3 Nb4 33. a3 Nc2 34. Bxa7 Nxa3 35. g4 Bxe3 36. Bxe3 $11 {[%mdl 4096] Endgame KRB-KRN} Rc2+ 37. Kd3 $1 {fxg6 is the strong threat.} b4 {Hoping for ...Rc3+.} 38. gxh5 gxh5 39. Rg1 Rc3+ 40. Ke2 $1 {Strongly threatening Rg8+.} Rc2+ (40... f6 $11) 41. Kd3 Rc3+ 42. Ke2 $1 Rc2+ 43. Kd1 Kd7 44. Rg8 Kc7 (44... Rb2 $1 $11) 45. Bd2 (45. Re8 $1 $16) 45... Ra2 (45... Rb2 $11 {keeps the balance.}) 46. Bxb4 $16 {Black must now prevent Re8.} Nc2 47. Ba5+ $1 Rxa5 (47... Kb7 $16 {might work better.}) 48. Kxc2 {KR-KR} Ra2+ 49. Kd3 Rb2 50. Kc3 ({White should try} 50. Rh8 $18) 50... Rh2 {[#]} 51. Rg7 $1 Rxh4 52. Kd4 ({But not} 52. Rxf7 $6 Rxe4 53. f6 Kd8 $11) 52... Rh1 {Black wants to play ...h4.} 53. Rxf7 Kd8 {[#]} 54. Rf8+ (54. Kc4 $1 $16) 54... Kd7 $14 55. Rh8 h4 56. Ke3 h3 57. Kf2 h2 58. Rh4 Rb1 59. Rxh2 Rxb3 60. Rh8 Ra3 61. Rg8 Rb3 62. Rg3 Rb1 63. Ke3 Ke8 64. Rg6 Re1+ 65. Kf3 Rf1+ 66. Ke2 Rh1 67. Re6 {Threatens to win with f6.} Kd7 68. Kf3 Rg1 69. Rg6 Rf1+ 70. Ke3 (70. Ke2 $5 {[%cal Re2f1]} Rh1 71. Rg8 $16) 70... Ke8 71. Rh6 Kd7 72. Rh8 Kc7 73. Rh3 Kd7 74. Rf3 Rh1 75. Rf2 Ke8 76. Ra2 Kf7 77. Rg2 Rf1 78. Rh2 Ke8 79. Rh8+ Kd7 80. Rh6 Kd8 81. Rh4 Ke8 82. Ke2 Rg1 83. Kf2 Rc1 84. Rh8+ Kf7 85. Rh6 Ke8 86. Kf3 Rg1 87. Kf4 Kf7 88. Re6 Rf1+ 89. Ke3 Ke8 $1 90. Ke2 Rf4 91. Ke3 Rf1 $1 92. Rh6 Kd7 93. Rh2 Ke8 94. Rf2 (94. f6 $5) 94... Rh1 95. Kf3 Kf7 {The position is equal.} 96. Rg2 Rf1+ 97. Ke2 Rf4 98. Kd3 Ke8 99. Rg8+ Kd7 100. Ke3 Rf1 101. Rg4 $1 Re1+ 102. Kf2 Rh1 103. Kg3 Ke8 104. Kf4 Kf7 105. Rg3 Rh4+ 106. Ke3 Rh1 107. Rg6 Re1+ 108. Kd3 Rd1+ 109. Ke2 {Accuracy: White = 60%, Black = 69%.} 1/2-1/2

[Event "21st Dubai Open 2019"]
[Site "Dubai"]
[Date "2019.04.06"]
[Round "6.9"]
[White "Mareco, Sandro"]
[Black "Vishnu Prasanna. V"]
[Result "1-0"]
[WhiteElo "2651"]
[BlackElo "2515"]
[Annotator "TA"]
[PlyCount "51"]
[EventDate "2019.04.01"]
[EventType "swiss"]
[EventCountry "UAE"]
[SourceTitle "playchess.com"]
[Source "ChessBase"]
[SourceQuality "1"]

{[%evp 24,51,39,20,38,35,68,56,45,46,72,48,143,128,135,136,133,125,216,210,212,202,202,212,204,202,309,304,307,306]} 1. e4 c5 2. Nf3 d6 3. Bb5+ Bd7 4. Bxd7+ Qxd7 5. c4 Nc6 6. Nc3 g6 7. d4 cxd4 8. Nxd4 Nf6 9. Nde2 Bg7 10. O-O O-O 11. f3 e6 12. Bg5 {B52: Sicilian: Moscow Variation with 3...Bd7} h6 13. Bh4 {LiveBook: 18 Games} Rac8 (13... Rfd8 14. f4 a6 15. a4 Qc7 16. Kh1 Qa5 17. h3 Rac8 18. b3 Qh5 19. Bf2 Qa5 20. Bh4 Qh5 21. Bf2 Qa5 22. Bh4 {½-½ (22) Hansen,E (2584)-Vachier Lagrave,M (2722) Linares 2013}) 14. Qd2 {White is slightly better.} Kh7 $146 ({Predecessor:} 14... g5 15. Bg3 Ne5 16. b3 Nh5 17. Bf2 a6 18. Rfd1 Rc6 19. Rac1 Ng6 20. Nd4 Rcc8 21. Be3 Be5 22. g3 Kh7 23. Qg2 Qe7 {½-½ (23) Muzas,K (2151)-Baier,G (2295) ICCF email 2006}) 15. Rfd1 Rfd8 16. Rac1 b6 17. b3 Ne7 (17... g5 $14 18. Bg3 Ne5) 18. e5 $1 $16 {[%cal Re5f6]} Ne8 19. exd6 Nxd6 20. Ne4 $36 {[%cal Rd2d6][%mdl 2048] White has strong initiative.} Qc7 (20... Rc6 $16) 21. Nxd6 $18 Nf5 {[%cal Rd8d6]} 22. Bxd8 ({Less strong is} 22. Bg3 Qc5+ 23. Bf2 (23. Kh1 Rc6 $15) 23... Qxd6 $14) 22... Rxd8 23. Qb4 ({Don't take} 23. c5 $6 bxc5 24. Qb4 Rxd6 $16) 23... Nxd6 24. c5 bxc5 (24... Nf5 $142 25. Rxd8 Qxd8) 25. Qxc5 Qe7 26. Nd4 {Precision: White = 75%, Black = 41%.} 1-0

[Event "21st Dubai Open 2019"]
[Site "Dubai"]
[Date "2019.04.06"]
[Round "6.10"]
[White "Vokhidov, Shamsiddin"]
[Black "Sethuraman, S.P."]
[Result "0-1"]
[WhiteElo "2494"]
[BlackElo "2624"]
[Annotator "TA"]
[PlyCount "98"]
[EventDate "2019.04.01"]
[EventType "swiss"]
[EventCountry "UAE"]
[SourceTitle "playchess.com"]
[Source "ChessBase"]
[SourceQuality "1"]

{[%evp 9,98,37,60,55,33,35,53,11,43,0,-3,4,-13,-4,29,-18,0,-48,-32,-49,-40,-27,-2,-22,-15,-44,-41,-39,-11,-52,-64,-66,-53,-80,0,0,0,0,0,-237,-193,-274,-287,-424,-418,-428,-434,-422,-414,-411,-63,-75,-57,-70,-46,-65,-58,-698,-50,-42,-41,-52,-45,-52,0,-290,-126,-524,-72,-81,-91,-68,-80,-154,-160,-252,-146,-477,-140,-135,-87,-138,-135,-599,-597,-4133,-6243,-5583,-5089,-4727,-4686]} 1. e4 d6 2. d4 Nf6 3. Nc3 g6 4. Bg5 c6 5. Qd2 Nbd7 6. O-O-O {B07: Pirc Defence: Miscellaneous Systems} (6. f4 d5 7. e5 Ne4 8. Nxe4 dxe4 9. Ne2 f6 10. Bh4 Bh6 11. Nc3 fxe5 12. dxe5 Rf8 13. g3 Qc7 14. Qe2 Nxe5 15. fxe5 Rf3 16. Qc4 Qb6 17. Nxe4 Bg4 18. Be2 Qe3 19. Rd1 Bf5 20. Bg5 Bxg5 21. Qg8# {1-0 (21) Landa,K (2615)-Marin,M (2528) Porto Mannu 2017}) 6... h6 7. Bh4 Qa5 8. Kb1 {White is slightly better.} b5 $146 ({Predecessor:} 8... e5 9. f4 exf4 10. Bxf6 Nxf6 11. Qxf4 Nh5 12. Qf2 Bg7 13. h3 Qg5 {1-0 (32) Gola,K (1856)-Cieslar,M (1773) Slask 2007}) 9. Bd3 b4 10. Nce2 {[%cal Bc3e2,Be2c1,Bc1b3,Bb3d4,Bd4b5][%mdl 32]} Bg7 11. f4 Rb8 12. Nc1 O-O 13. Nf3 Qc7 $1 14. Rhe1 c5 15. dxc5 Nxc5 {[%cal Bd7c5,Bc5a4,Ba4b6][%mdl 32]} 16. Nb3 Na4 {And now ...Nxb2! would win.} 17. e5 Nd5 18. Ka1 Nab6 (18... Bg4 {with more complications.} 19. Bg3 a5 20. Rb1 Nab6 21. Nbd4 a4) 19. Bg3 a5 $1 {[%cal Ba7a5,Ba5a4,Ba4a3][%mdl 32]} 20. Nbd4 {Black must now prevent f5.} a4 $1 21. f5 gxf5 ({Better is} 21... a3 $17 22. bxa3 Bxf5 23. axb4 (23. Nxf5 $2 gxf5 24. Nd4 Nc4 $19) 23... Nc3) 22. exd6 (22. Bxf5 $2 Nc4 $17) (22. Nxf5 Bxf5 23. Bxf5 a3 $17) 22... exd6 23. Nb5 $1 {[%cal Rb5c7][%mdl 64] Double Attack} Qd8 {Threatens to win with ...a3.} 24. Bh4 $2 (24. Nxd6 $2 a3 $19) (24. Bxd6 $11 {and White has nothing to worry.} Be6 25. a3 (25. Bxf8 Qxf8 26. Nbd4 a3 $15) (25. Bxb8 Qxb8 26. Nfd4 a3 $11)) 24... Qd7 $19 25. Nfd4 {[#]} (25. Bf2 $142 Ba6 26. Bxb6 Rxb6 27. Nbd4) 25... a3 $1 {[%mdl 512]} 26. bxa3 (26. b3 $142 Nc3 27. Qxc3 bxc3 28. Re7) 26... Ba6 27. c3 Nxc3 28. Bxf5 {[#]} Qxb5 $1 {[%mdl 512]} 29. Bf6 (29. Nxb5 Nxb5+) 29... Bxf6 $2 (29... Nc4 $19 30. Nxb5 Nxd2 31. Bxg7 Kxg7 32. Rxd2 Rxb5) 30. Qxh6 $15 {[%csl Gf5][%cal Rh6h7] [#]} Qxf5 $1 {[%mdl 512]} 31. Nxf5 Ncd5+ $1 32. Rd4 $1 Rfe8 33. Rxe8+ $1 Rxe8 {[#]} 34. Kb1 $1 {[%mdl 512] White wants to mate with Rg4+.} Re1+ 35. Kc2 {Intending Rg4+ and mate.} Re2+ $1 36. Rd2 Re5 (36... Re4 $15 37. Rf2 Nc4 38. axb4 Nce3+ 39. Nxe3 Nxe3+ 40. Kb3 Ng4) 37. Nxd6 $2 {[%mdl 8192]} (37. Rd4 $1 $11 Re2+ {[%mdl 64] Discovered Attack} 38. Rd2) 37... bxa3 (37... Re6 $19 38. Qh3 Bc3 39. Nxf7 Ne3+ 40. Kc1 (40. Kb1 $2 Bxd2 41. Nh6+ Rxh6 $19) 40... Bxd2+ 41. Kxd2 Nbc4+ 42. Kd3 Nxa3+ 43. Kd4 Kxf7 44. Qh7+ Ke8) 38. Rf2 $2 {[%mdl 8192] [#]} (38. Qh3 $17) 38... Re6 $2 (38... Ne3+ $1 $19 39. Kd2 Ng4 40. Rxf6 Nxh6 41. Rxh6 Re2+ 42. Kc3 Rxa2) 39. Rxf6 {[%mdl 64] Remove Defender} Rxf6 40. Qg5+ Kf8 $1 41. Ne4 ({White has to play} 41. Qe5) 41... Rg6 42. Qd8+ Kg7 43. g3 $2 {[%mdl 8192]} (43. Ng3 $17) 43... Bc8 $2 (43... Rc6+ $19 {has better winning chances.} 44. Kd1 Bd3) 44. Kb3 $17 Be6 45. Kxa3 Bf5 46. Nc5 $2 {[%mdl 8192]} (46. Nc3 $17 {was the crucial defense.} Ne3 47. Nb5 (47. Qd4+ Kh7 $17)) 46... Rg4 $19 {Strongly threatening ...Rb4.Black is clearly winning.} 47. Qe8 Rb4 {[%cal Rb6c4]} 48. Qe5+ Kg6 {[%cal Rb6c4]} 49. Qd6+ f6 {Accuracy: White = 45%, Black = 53%.} 0-1

[Event "21st Dubai Open 2019"]
[Site "Dubai"]
[Date "2019.04.06"]
[Round "6.11"]
[White "Akash G"]
[Black "Mchedlishvili, Mikheil"]
[Result "0-1"]
[WhiteElo "2414"]
[BlackElo "2610"]
[Annotator "TA"]
[PlyCount "90"]
[EventDate "2019.04.01"]
[EventType "swiss"]
[EventCountry "UAE"]
[SourceTitle "playchess.com"]
[Source "ChessBase"]
[SourceQuality "1"]

{[%evp 20,90,48,7,29,29,39,51,50,36,57,33,72,89,65,72,72,37,44,45,66,37,28,27,31,20,21,0,4,0,0,-3,33,-11,-18,-16,-13,-9,-22,-21,-36,-50,-44,-49,-24,-29,-27,-53,-53,-68,-70,-68,-26,-72,-76,-82,-79,-90,-88,-85,-78,-107,-90,-107,-85,-117,-106,-120,-98,-166,-157,-155,-161]} 1. e4 e5 2. Nf3 Nc6 3. Bb5 a6 4. Ba4 Nf6 5. O-O Be7 6. Re1 b5 7. Bb3 d6 8. c3 O-O 9. h3 Nd7 10. d4 Bf6 11. a3 {[%cal Ba2a3,Ba3a4,Ba4a5][%mdl 32]} Bb7 {C92: Closed Ruy Lopez: 9...Be6, Karpov and Flohr-Zaitsev Variations} 12. d5 Na5 13. Ba2 Nb6 {White is slightly better.} 14. b4 Nac4 {[#]} 15. a4 $1 {[%mdl 512]} c6 {[%cal Rc6d5]} (15... bxa4 $2 16. Qe2 $18) 16. dxc6 Bxc6 17. a5 Nc8 {[#]} 18. Nbd2 $146 (18. Bxc4 $5 bxc4 19. Na3 $16) ({Predecessor:} 18. Bxc4 bxc4 {1-0 (38) Howell,D (2607)-Arnaudov,P (2477) Wunsiedel 2012}) 18... Nxd2 19. Bxd2 Qd7 20. c4 Na7 21. Nh2 bxc4 22. Bxc4 Nb5 23. Qb3 Qb7 24. Qd3 Be7 25. Nf1 Rad8 26. Rac1 d5 27. exd5 Bxd5 28. Bxd5 Rxd5 29. Qc4 Rfd8 30. Qc6 Qa7 31. Qb6 Qxb6 ({Don't blunder} 31... Rxd2 $2 32. Nxd2 Qa8 33. Rxe5 $18) (31... Qd7 {feels hotter.} 32. Qc6 f6 33. Qc4 Kh8 34. Be3 Nd4) 32. axb6 Rb8 33. b7 Rxb7 34. Rc8+ Bf8 35. Ra1 Rd6 36. Be3 {[#] Threatens to win with Bc5.} Nd4 37. Ra8 f6 38. R1xa6 Rxa6 39. Rxa6 Rxb4 40. Ra1 Kf7 41. g3 Nc2 42. Rc1 Rb2 43. Kg2 f5 44. Kf3 (44. Bd2 $17 {was necessary.}) 44... Bb4 {...Ne1+ is the strong threat.} 45. Kg2 Ke6 {Accuracy: White = 43%, Black = 52%.} 0-1

[Event "21st Dubai Open 2019"]
[Site "Dubai"]
[Date "2019.04.06"]
[Round "6.12"]
[White "Shailesh, Dravid"]
[Black "Can, Emre"]
[Result "0-1"]
[WhiteElo "2316"]
[BlackElo "2599"]
[Annotator "RC"]
[PlyCount "78"]
[EventDate "2019.04.01"]
[EventType "swiss"]
[EventCountry "UAE"]
[SourceTitle "playchess.com"]
[Source "ChessBase"]
[SourceQuality "1"]
[TimeControl "5400+30"]

1. c4 {[%emt 0:00:00]} g6 {[%emt 0:01:06]} 2. Nc3 {[%emt 0:00:00]} Bg7 {[%emt 0:00:22]} 3. g3 {[%emt 0:00:22]} c5 {[%emt 0:01:04]} 4. Bg2 {[%emt 0:00:36]} Nc6 {[%emt 0:00:28]} 5. d3 {[%emt 0:02:01]} d6 {[%emt 0:01:43]} 6. e4 {[%emt 0:01:07]} e6 {[%emt 0:01:58]} 7. Nge2 {[%emt 0:01:49]} Nge7 {[%emt 0:00:19]} 8. Be3 {[%emt 0:01:32]} Nd4 {[%emt 0:03:01]} 9. O-O {[%emt 0:02:04]} O-O {[%emt 0:01:06]} 10. f4 {[%emt 0:03:15]} Rb8 {[%emt 0:02:23]} 11. Qd2 {[%emt 0:03:50]} a6 {[%emt 0:03:43]} 12. Rab1 {[%emt 0:06:58]} b6 {[%emt 0:06:51]} 13. h3 {[%emt 0:06:32]} Bb7 {[%emt 0:01:50]} 14. Kh2 {[%emt 0:00:18]} Qd7 {[%emt 0:06:23]} 15. Bg1 {[%emt 0:05:04]} f5 {[%emt 0:11:37]} 16. b4 {[%emt 0:06:43]} Ba8 {[%emt 0:06:59]} 17. a3 {[%emt 0:13:26]} Kh8 {[%emt 0:04:12]} 18. Bf2 {[%emt 0:05:41]} Ng8 {[%emt 0:06:33]} 19. Bh1 {[%emt 0:04:53]} Qc7 {[%emt 0:03:34]} 20. Rfc1 {[%emt 0:11:17]} Rbd8 {[%emt 0:05:32]} 21. Qe1 {[%emt 0:01:31]} Rf7 {[%emt 0:02:56]} 22. Qg1 {[%emt 0:01:36]} Nxe2 {[%emt 0:01:47]} 23. Nxe2 {[%emt 0:00:02]} Rdf8 {[%emt 0:00:40]} 24. bxc5 {[%emt 0:02:05]} bxc5 {[%emt 0:01:02]} 25. exf5 {[%emt 0:00:17]} gxf5 {[%emt 0:02:16]} 26. Bxa8 {[%emt 0:00:53]} Rxa8 {[%emt 0:00:13]} 27. d4 {[%emt 0:00:54]} Rc8 {[%emt 0:03:55]} 28. dxc5 {[%emt 0:01:47]} dxc5 {[%emt 0:00:07]} 29. Nc3 {[%emt 0:01:40]} Rd7 {[%emt 0:02:45]} 30. Na4 {[%emt 0:02:25]} Rd2 {[%emt 0:00:56]} 31. Qe1 {[%emt 0:00:10]} Ra2 {[%emt 0:04:18]} 32. Kg1 {[%emt 0:00:44]} Rxf2 {[%emt 0:03:06]} 33. Kxf2 {[%emt 0:00:51]} Qc6 {[%emt 0:00:07]} 34. Rd1 {[%emt 0:08:15]} Qxa4 {[%emt 0:00:20]} 35. Qxe6 {[%emt 0:01:18]} Re8 {[%emt 0:01:34]} 36. Qd7 {[%emt 0:00:24]} Qc2+ {[%emt 0:01:29]} 37. Qd2 {[%emt 0:01:36]} Bd4+ {[%emt 0:00:26]} 38. Kf1 {[%emt 0:00:22]} Qxc4+ {[%emt 0:00:15]} 39. Qd3 {[%emt 0:00:04]} Qd5 {[%emt 0:00:07]} 0-1